| LEADER 00000nam 2200000uu 4500 |
| 001 13399111660 |
| 003 BCNR |
| 008 110418s2553||||th 000 0 tha d |
| 060 4 WA20.5^bส691ก 2553
|
| 111 2 การสัมมนาวิชาการป้องกันควบคุมโรคแห่งชาติ^d(2553 :^cศูนย์นิทรรศการและการประชุมไบเทค)
|
| 245 10 การป้องกันควบคุมโรคทรงคุณค่า พลังเครือข่าย:^bผลงานเด่นเครือข่ายหน่วยงานส่วนกลาง ผลงานเด่นเครือข่ายสำนักงานป้องกันควบคุมโรคทึ่ 1 - 12 /^cสำนักจัดการความรู้ กรมควบคุมโรค
|
| 246 30 สัมมนาวิชาการป้องกันควบคุมโรคแห่งชาติ ประจำปี 2553^"ก้าวทันโรคภัยเครือข่ายสุขภาพไทยเข้มแข็ง^"
|
| 246 30 ผลงานเด่นเครือข่ายหน่วยงานส่วนกลาง ผลงานเด่นเครือข่ายสำนักงานป้องกันควบคุมโรคทึ่ 1 - 12
|
| 260 [นนทบุรี] :^bสำนักจัดการความรู้ กรมควบคุมโรค,^c2553
|
| 300 0221 หน้า
|
| 500 ^"ระหว่างวันที่ 10-12 มีนาคม 2553 ณศูนย์นิทรรศการและการประชุมไบเทค บางนา กรุงเทพฯ^"
|
| 650 7 โรค^xการป้องกันและควบคุม^vสาระสังเขป^vการประชุม
|
| 650 7 โรคติดต่อ^xการป้องกันและควบคุม^vสาระสังเขป^vการประชุม
|
| 650 7 โรคเกิดจากอาชีพ^xการป้องกันและควบคุม^vสาระสังเขป^vการประชุม
|
| 710 2 กรมควบคุมโรค.^bสำนักจัดการความรู้
|
| 999 ^aบรรณารักษ์
|